Puratana tulunadina janangagala hinnele mattu sambandhagalu (Record no. 211861)

MARC details
000 -LEADER
fixed length control field 00991nam a2200229Ia 4500
003 - CONTROL NUMBER IDENTIFIER
control field OSt
005 - DATE AND TIME OF LATEST TRANSACTION
control field 20251205163744.0
008 - FIXED-LENGTH DATA ELEMENTS--GENERAL INFORMATION
fixed length control field 210719s2019 xx 000 0 und d
040 ## - CATALOGING SOURCE
Transcribing agency AL
041 ## - LANGUAGE CODE
Language code of text/sound track or separate title Kannada
082 ## - DEWEY DECIMAL CLASSIFICATION NUMBER
Classification number T894.8 KESP
100 ## - MAIN ENTRY--PERSONAL NAME
Personal name KESHAVA SHETTI ADURU (K)
Dates associated with a name ಕೇಶವ ಶೆಟ್ಟಿ ಆಡೂರು (ಕೆ)
9 (RLIN) 248013
245 ## - TITLE STATEMENT
Title Puratana tulunadina janangagala hinnele mattu sambandhagalu
Remainder of title ಪುರಾತನ ತುಳುನಾಡಿನ ಜನಾಂಗಗಳ ಹಿನ್ನೆಲೆ ಮತ್ತೆ ಸಂಬಂಧಗಳು
260 ## - PUBLICATION, DISTRIBUTION, ETC.
Place of publication, distribution, etc. Kasaragodu
Name of publisher, distributor, etc. Kairali Prakashana
Date of publication, distribution, etc. 2019
300 ## - PHYSICAL DESCRIPTION
Extent 99
Other physical details PB
365 ## - TRADE PRICE
Price amount 150
Currency code Rs
650 ## - SUBJECT ADDED ENTRY--TOPICAL TERM
Topical term or geographic name entry element Kannada literature
9 (RLIN) 248014
650 ## - SUBJECT ADDED ENTRY--TOPICAL TERM
Topical term or geographic name entry element ಸಂಶೋಧನಾತ್ಮಕ ಅಧ್ಯಯನ Samshodhanatmaka adhyayana
9 (RLIN) 248015
650 ## - SUBJECT ADDED ENTRY--TOPICAL TERM
Topical term or geographic name entry element Kannada Miscellaneous
9 (RLIN) 248016
906 ## - LOCAL DATA ELEMENT F, LDF (RLIN)
a 2 ; adhyayana ; Ed ; hinnele ; janangagala ; mattu ; Puratana ; sambandhagalu ; Samshodhanatmaka ; tulunadina
942 ## - ADDED ENTRY ELEMENTS (KOHA)
Source of classification or shelving scheme Dewey Decimal Classification
Koha item type Book
Holdings
Withdrawn status Lost status Source of classification or shelving scheme Damaged status Not for loan Collection code Home library Current library Date acquired Source of acquisition Cost, normal purchase price Total Checkouts Full call number Barcode Date last seen Cost, replacement price Price effective from Koha item type
    Dewey Decimal Classification     Kannada St Aloysius Library St Aloysius Library 02/24/2021 General Annual | Navakarnataka Publication Pvt Ltd Mangalore 150.00   T894.8 KESP 074675 07/19/2021 120.00 07/19/2021 Book